| 000 | 00957nam a2200229Ia 4500 | ||
|---|---|---|---|
| 003 | GCL | ||
| 008 | 140319s9999 xx 000 0 ara d | ||
| 040 |
_aGCL / _cGCL |
||
| 082 | 0 | 4 |
_a810.8036 _bج ك |
| 100 | 1 | _aابن جزى الكلبى : ابو القاسم محمد بن احمد بن محمد بن عبدالله بن يحيى | |
| 245 | 1 | 0 |
_aكتاب الخيل : _bمطلع اليمن والاقبال فى انتقاء كتاب الاحتفال / _cابن جزى الكلبى : ابو القاسم محمد بن احمد بن محمد بن عبدالله بن يحيى |
| 700 | 1 | _aمحمد العربى الخطابى | |
| 260 |
_aبيروت : _bدار العربية للعلوم ، _c1986 |
||
| 300 |
_a317 ص ؛ _c25 سم |
||
| 490 | _a | ||
| 650 | 0 | 4 | _aالادب العربى |
| 650 | 0 | 4 | _aالاندلس |
| 650 | 0 | 4 | _aالخيل العربية |
| 650 | 0 | 4 | _aالخيل |
| 650 | 0 | 4 | _aالعادات والسلوك |
| 942 |
_2ddc _cBK |
||
| 999 |
_c40285 _d40285 |
||